[Event "BL 0304 SK König Plauen - SCA St Ingbert"]
[Site "Plauen"]
[Date "2004.03.27"]
[Round "12.1"]
[White "Bauer, Christian"]
[Black "Markowski, Tomasz"]
[Result "1/2-1/2"]
[WhiteElo "2602"]
[BlackElo "2610"]
[PlyCount "48"]
[EventDate "2003.11.01"]

1. Nf3 c5 2. c4 g6 3. d4 Bg7 4. e4 Qb6 5. dxc5 Qxc5 6. Be2 d6 7. a3 Nc6 8. O-O
Bg4 9. Be3 Qa5 10. Ra2 Qd8 11. b3 Nf6 12. Nc3 O-O 13. Qd2 Nd7 14. h3 Bxf3 15.
Bxf3 Nc5 16. Rb1 Rc8 17. g3 a6 18. Ne2 a5 19. Bg2 a4 20. bxa4 b6 21. Qd1 Ne5
22. Rb4 Nc6 23. Rb1 Ne5 24. Rb4 Nc6 1/2-1/2

[Event "BL 0304 SK König Plauen - SCA St Ingbert"]
[Site "Plauen"]
[Date "2004.03.27"]
[Round "12.2"]
[White "Gdanski, Jacek"]
[Black "Marcelin, Cyril"]
[Result "1/2-1/2"]
[WhiteElo "2522"]
[BlackElo "2473"]
[PlyCount "34"]
[EventDate "2003.11.01"]

1. e4 e5 2. Nf3 Nc6 3. Bb5 Nf6 4. O-O Nxe4 5. Re1 Nd6 6. Nxe5 Be7 7. Bd3 Nxe5
8. Rxe5 O-O 9. Nc3 c6 10. Qf3 Ne8 11. b3 d5 12. Bb2 Bd6 13. Ree1 Qh4 14. g3 Qg4
15. Qxg4 Bxg4 16. Ne2 Nc7 17. Nd4 g6 1/2-1/2

[Event "BL 0304 SK König Plauen - SCA St Ingbert"]
[Site "Plauen"]
[Date "2004.03.27"]
[Round "12.3"]
[White "Lazarev, Vladimir"]
[Black "Kindermann, Stefan"]
[Result "1/2-1/2"]
[WhiteElo "2526"]
[BlackElo "2542"]
[PlyCount "40"]
[EventDate "2003.11.01"]

1. d4 f5 2. g3 Nf6 3. Bg2 g6 4. Nf3 Bg7 5. b4 Nc6 6. a3 d6 7. Bb2 e5 8. dxe5
Ng4 9. Nbd2 Ncxe5 10. Nxe5 Nxe5 11. Rb1 O-O 12. O-O c6 13. c4 Qe7 14. b5 Bd7
15. Ba1 Rac8 16. Qa4 Ra8 17. bxc6 Bxc6 18. Bxc6 Nxc6 19. Bxg7 Kxg7 20. e3 Ne5
1/2-1/2

[Event "BL 0304 SK König Plauen - SCA St Ingbert"]
[Site "Plauen"]
[Date "2004.03.27"]
[Round "12.4"]
[White "Espig, Lutz"]
[Black "Bricard, Emmanuel"]
[Result "1-0"]
[WhiteElo "2429"]
[BlackElo "2453"]
[PlyCount "57"]
[EventDate "2003.11.01"]

1. d4 g6 2. e4 d6 3. Nc3 c6 4. g3 b5 5. Bg2 Bb7 6. Be3 b4 7. Nce2 Bg7 8. c3 a5
9. Nh3 Nd7 10. O-O Ngf6 11. f3 O-O 12. Qd2 c5 13. Rfd1 Qc7 14. Rac1 Rfc8 15.
Nf2 e5 16. Bh3 bxc3 17. bxc3 d5 18. f4 exd4 19. cxd4 dxe4 20. dxc5 Rd8 21. c6
Bxc6 22. Qc2 Nb8 23. Nd4 Ra6 24. Nb5 Rxd1+ 25. Qxd1 Qb7 26. Qd8+ Bf8 27. Bc8
Qxb5 28. Bxa6 Qb2 29. Nd1 1-0

[Event "BL 0304 SK König Plauen - SCA St Ingbert"]
[Site "Plauen"]
[Date "2004.03.27"]
[Round "12.6"]
[White "Haskamp, Stefan"]
[Black "Drollinger, Dennis"]
[Result "1/2-1/2"]
[WhiteElo "2308"]
[BlackElo "2275"]
[PlyCount "74"]
[EventDate "2003.11.01"]

1. e4 c5 2. Nf3 e6 3. d3 d5 4. Qe2 Nf6 5. g3 Be7 6. Bg2 O-O 7. O-O b5 8. e5
Nfd7 9. h4 Nc6 10. Bg5 Bxg5 11. hxg5 Qc7 12. Re1 a5 13. Nbd2 Ba6 14. Nf1 b4 15.
Qe3 Rfc8 16. N1h2 Rab8 17. Bh3 a4 18. b3 Nd4 19. Rac1 axb3 20. axb3 Nxf3+ 21.
Nxf3 c4 22. Ra1 Qb6 23. dxc4 dxc4 24. Bf1 Bb7 25. bxc4 Qxe3 26. Rxe3 Bxf3 27.
Rxf3 Nxe5 28. Rb3 Kf8 29. Ra4 Nxc4 30. Raxb4 Rxb4 31. Rxb4 Nd2 32. Bd3 e5 33.
Kg2 e4 34. Bxe4 Nxe4 35. Rxe4 Rxc2 36. Rh4 Kg8 37. Ra4 g6 1/2-1/2

[Event "BL 0304 SK König Plauen - SCA St Ingbert"]
[Site "Plauen"]
[Date "2004.03.27"]
[Round "12.7"]
[White "Ristic, Nenad"]
[Black "Kuraszkiewicz, Michael"]
[Result "1-0"]
[WhiteElo "2467"]
[BlackElo "2304"]
[PlyCount "99"]
[EventDate "2003.11.01"]

1. e4 e6 2. d4 d5 3. Nc3 Nf6 4. Bg5 dxe4 5. Nxe4 Be7 6. Bxf6 Bxf6 7. Nf3 Nd7 8.
Qd2 O-O 9. O-O-O Be7 10. Bd3 b6 11. h4 Bb7 12. Kb1 c5 13. dxc5 Nxc5 14. Nxc5
Bxc5 15. Ng5 Kh8 16. Nxh7 Bxg2 17. Rhg1 Bf3 18. Nxf8 Bxf8 19. Be2 Qxd2 20. Rxd2
Bc6 21. Rg3 e5 22. Bc4 Bc5 23. Rgd3 f5 24. Rd8+ Rxd8 25. Rxd8+ Kh7 26. Rd2 Kg6
27. c3 a5 28. Kc1 Kh5 29. Bd5 Be8 30. Be6 Bg6 31. a3 Kxh4 32. b4 Be7 33. Rd7
Bf6 34. Kd2 Kg4 35. Rd3 Bh4 36. Ke2 e4 37. Rd7 Bf6 38. c4 axb4 39. axb4 Kf4 40.
Bf7 Bxf7 41. Rxf7 Ke5 42. Rd7 Ke6 43. Rd5 g6 44. Rd1 Be7 45. c5 bxc5 46. b5 Bg5
47. Rg1 Bf4 48. Rxg6+ Kd5 49. Rf6 Bb8 50. b6 1-0

[Event "BL 0304 SK König Plauen - SCA St Ingbert"]
[Site "Plauen"]
[Date "2004.03.27"]
[Round "12.8"]
[White "Pfretzschner, Roland"]
[Black "Callam, Hannes"]
[Result "1-0"]
[WhiteElo "2222"]
[BlackElo "2167"]
[PlyCount "145"]
[EventDate "2003.11.01"]

1. e4 e5 2. Nf3 Bc5 3. Nc3 d6 4. d4 exd4 5. Nxd4 Nc6 6. Be3 Bb6 7. Bc4 Nge7 8.
f4 O-O 9. Nxc6 Nxc6 10. Bxb6 axb6 11. O-O Be6 12. Nd5 Bxd5 13. exd5 Nb8 14. Qf3
Nd7 15. Rae1 Re8 16. Rxe8+ Qxe8 17. Bb5 Qe7 18. Qc3 Nc5 19. Re1 Ne4 20. Qh3 g6
21. Bd3 f5 22. a3 Re8 23. Bxe4 fxe4 24. Qe3 Qf6 25. c3 Qf5 26. Rd1 h5 27. Rd4
Re7 28. a4 Kf7 29. b4 Kg7 30. Rd1 Rf7 31. g3 Re7 32. Qd4+ Kh7 33. Qe3 Qg4 34.
Re1 Qf5 35. Rd1 Qg4 36. Rd2 Qd7 37. Ra2 Qf5 38. c4 Qg4 39. Rd2 Qd7 40. Qb3 Qf5
41. Re2 Qf6 42. Qb2 Qf5 43. Re3 g5 44. fxg5 Qxg5 45. Qe2 Qe5 46. Kg2 Kg6 47. h3
Qd4 48. h4 Kh6 49. Kh3 Re5 50. Qf2 Kg7 51. g4 hxg4+ 52. Kxg4 Qd1+ 53. Kg3 Qh1
54. Re1 e3 55. Rxe3 Rxe3+ 56. Qxe3 Qb1 57. Kg4 Qc2 58. Qd4+ Kf7 59. Kg5 Qxa4
60. h5 Qc2 61. Qf6+ Ke8 62. Qe6+ Kd8 63. h6 Qh2 64. Kg6 c6 65. h7 cxd5 66. cxd5
b5 67. Qf6+ Kc7 68. h8=Q Qg2+ 69. Qg5 Qe4+ 70. Kf7 Kb6 71. Qg1+ Kc7 72. Qc1+
Kb6 73. Qd8+ 1-0

[Event "BL 0304 TV Tegernsee - SV Hofheim"]
[Site "Plauen"]
[Date "2004.03.27"]
[Round "12.1"]
[White "Savchenko, Stanislav"]
[Black "Khenkin, Igor"]
[Result "1/2-1/2"]
[WhiteElo "2563"]
[BlackElo "2627"]
[PlyCount "52"]
[EventDate "2003.11.01"]

1. d4 d5 2. c4 e6 3. Nf3 Nf6 4. Nc3 dxc4 5. e3 a6 6. a4 c5 7. Bxc4 Nc6 8. O-O
Be7 9. Qe2 cxd4 10. Rd1 e5 11. exd4 exd4 12. Nxd4 Nxd4 13. Qe5 Qd6 14. Qxd4
Qxd4 15. Rxd4 Bc5 16. Rd1 O-O 17. h3 Bf5 18. Nd5 Be6 19. Nxf6+ gxf6 20. Bxe6
fxe6 21. Be3 Bxe3 22. fxe3 Rac8 23. Rac1 Rxc1 24. Rxc1 Rd8 25. Rc7 Rd1+ 26. Kh2
b5 1/2-1/2

[Event "BL 0304 TV Tegernsee - SV Hofheim"]
[Site "Plauen"]
[Date "2004.03.27"]
[Round "12.3"]
[White "Ginsburg, Gennadi"]
[Black "Bischoff, Klaus"]
[Result "1/2-1/2"]
[WhiteElo "2483"]
[BlackElo "2564"]
[PlyCount "84"]
[EventDate "2003.11.01"]

1. e4 e6 2. d4 d5 3. Nd2 Nf6 4. e5 Nfd7 5. f4 c5 6. c3 Nc6 7. Ndf3 cxd4 8. cxd4
f5 9. Bd3 Nb6 10. Ne2 Bd7 11. O-O Be7 12. Kh1 a5 13. Nc3 a4 14. Rb1 O-O 15. Rg1
Be8 16. h3 Nb4 17. Be2 Rc8 18. a3 Nc6 19. Bd3 Na5 20. g4 Nb3 21. Qc2 Qd7 22.
Qg2 g6 23. gxf5 exf5 24. Ne2 Nc4 25. Ng5 Bf7 26. e6 Bxe6 27. Nxh7 Bf7 28. Nxf8
Kxf8 29. Qf2 Bf6 30. Kh2 Re8 31. Rd1 Kg7 32. Bxc4 dxc4 33. Bd2 Bd5 34. Ng3 Kf7
35. Bc3 Rh8 36. Re1 Qd8 37. Qf1 Rh4 38. Re5 Bxe5 39. dxe5 Nc5 40. Ne2 Nd3 41.
Be1 Rh7 42. Bf2 Bc6 1/2-1/2

[Event "BL 0304 TV Tegernsee - SV Hofheim"]
[Site "Plauen"]
[Date "2004.03.27"]
[Round "12.4"]
[White "Boensch, Uwe"]
[Black "Zude, Arno"]
[Result "1-0"]
[WhiteElo "2545"]
[BlackElo "2382"]
[PlyCount "107"]
[EventDate "2003.11.01"]

1. d4 Nf6 2. c4 e6 3. Nf3 d5 4. Nc3 Be7 5. Bg5 O-O 6. e3 h6 7. Bxf6 Bxf6 8. Qb3
c6 9. Rd1 Nd7 10. Bd3 b6 11. O-O Bb7 12. cxd5 cxd5 13. Rc1 a6 14. Bb1 Be7 15.
Ne5 Nxe5 16. dxe5 Rc8 17. Ne2 b5 18. Nf4 Qd7 19. Qd3 f5 20. exf6 Bxf6 21. Qh7+
Kf7 22. Rcd1 Bxb2 23. e4 Rc4 24. Rfe1 e5 25. Ng6 Re8 26. Re3 Rc3 27. Rxc3 Bxc3
28. Rd3 Qc8 29. Rf3+ Ke6 30. Qxg7 dxe4 31. Rf6+ Kd5 32. Ne7+ Rxe7 33. Qxe7 Kc4
34. h3 Bd4 35. Rf8 Qc6 36. Rf6 Qd5 37. Qa3 b4 38. Qb3+ Kb5 39. Qxd5+ Bxd5 40.
Rxh6 e3 41. Bd3+ Kc5 42. Rxa6 exf2+ 43. Kf1 e4 44. Be2 e3 45. h4 Be4 46. h5 Kd5
47. Bf3 Bxf3 48. gxf3 Ke5 49. Ke2 Kf4 50. h6 f1=Q+ 51. Kxf1 Kxf3 52. Re6 Bc3
53. h7 Bd4 54. Re7 1-0

[Event "BL 0304 TV Tegernsee - SV Hofheim"]
[Site "Plauen"]
[Date "2004.03.27"]
[Round "12.5"]
[White "Rechel, Bernd"]
[Black "Hertneck, Gerald"]
[Result "1/2-1/2"]
[WhiteElo "2420"]
[BlackElo "2524"]
[PlyCount "147"]
[EventDate "2003.11.01"]

1. e4 e6 2. d4 d5 3. Nd2 b6 4. Ngf3 Nf6 5. e5 Nfd7 6. c4 Bb7 7. Bd3 c5 8. cxd5
Bxd5 9. Be4 Be7 10. Bxd5 exd5 11. Qb3 Nc6 12. Qxd5 Nb4 13. Qe4 cxd4 14. O-O O-O
15. Nb3 Nc5 16. Qg4 f5 17. exf6 Bxf6 18. Bg5 Nbd3 19. Rab1 Bxg5 20. Nxc5 bxc5
21. Nxg5 Qd5 22. Qe4 Rf5 23. Qxd5+ Rxd5 24. Ne4 c4 25. Rfd1 Nb4 26. Rbc1 Rc8
27. a3 Na2 28. Ra1 c3 29. bxc3 Nxc3 30. Nxc3 Rxc3 31. Rd2 Kf7 32. g3 d3 33. f4
Ke6 34. Kf2 Kd6 35. Ke3 Kc5 36. Rb1 Rd7 37. a4 Re7+ 38. Kf3 Kd4 39. Rb8 Rd7 40.
Rb4+ Rc4 41. Rb3 Rc3 42. Rb4+ Kc5 43. Rb8 Kc4 44. Ke3 a5 45. g4 Ra3 46. Rc8+
Kb3 47. Rxd3+ Rxd3+ 48. Kxd3 Rxa4 49. Rc7 Rxf4 50. Rxg7 Rf3+ 51. Kd2 Rh3 52.
Rb7+ Kc4 53. Rc7+ Kb4 54. Rb7+ Ka3 55. g5 a4 56. Kc2 Rxh2+ 57. Kc3 Ka2 58. Ra7
a3 59. Rb7 Ka1 60. Ra7 Rh3+ 61. Kc2 Ka2 62. Rb7 Rh5 63. Ra7 Rxg5 64. Rxh7 Rc5+
65. Kd3 Kb2 66. Rb7+ Kc1 67. Ra7 Rh5 68. Rc7+ Kd1 69. Kc3 Rh3+ 70. Kb4 a2 71.
Ra7 Rh2 72. Kb3 Kc1 73. Rxa2 Rxa2 74. Kxa2 1/2-1/2

[Event "BL 0304 TV Tegernsee - SV Hofheim"]
[Site "Plauen"]
[Date "2004.03.27"]
[Round "12.6"]
[White "Teske, Henrik"]
[Black "Buchal, Stephan"]
[Result "1/2-1/2"]
[WhiteElo "2518"]
[BlackElo "2363"]
[PlyCount "66"]
[EventDate "2003.11.01"]

1. d4 g6 2. c4 Bg7 3. Nc3 d6 4. e4 Nf6 5. g3 O-O 6. Bg2 c5 7. Nge2 Nc6 8. d5
Ne5 9. b3 Bg4 10. h3 Bf3 11. O-O e6 12. Bf4 exd5 13. Bxe5 Bxe2 14. Qxe2 dxe5
15. cxd5 a6 16. a4 Qa5 17. Rac1 Ne8 18. Nd1 Nd6 19. Ne3 Rac8 20. Nc4 Nxc4 21.
Qxc4 b5 22. Qc3 Qxc3 23. Rxc3 Bh6 24. axb5 axb5 25. Rd1 Rfd8 26. Bf1 c4 27.
bxc4 Bf8 28. c5 b4 29. Rc4 Rxc5 30. Rxb4 Rcxd5 31. Rxd5 Rxd5 32. Rb7 Rd4 33.
Rc7 Bd6 1/2-1/2

[Event "BL 0304 TV Tegernsee - SV Hofheim"]
[Site "Plauen"]
[Date "2004.03.27"]
[Round "12.7"]
[White "Brendel, Oliver"]
[Black "Stangl, Markus"]
[Result "0-1"]
[WhiteElo "2311"]
[BlackElo "2493"]
[PlyCount "116"]
[EventDate "2003.11.01"]

1. e4 c5 2. Nf3 d6 3. d3 g6 4. g3 Bg7 5. Bg2 Nc6 6. O-O Nf6 7. c3 O-O 8. a3 c4
9. Nd4 cxd3 10. Qxd3 Nd7 11. Be3 Nc5 12. Qd1 Ne5 13. b4 Ncd7 14. f4 Nc4 15. Bf2
Ndb6 16. Nd2 Bd7 17. N2f3 Rc8 18. e5 dxe5 19. Nxe5 Nxe5 20. fxe5 Bxe5 21. Qe2
Qc7 22. Nb5 Bxb5 23. Qxb5 Bxc3 24. Rac1 Rfd8 25. Bc5 Qe5 26. Bxb7 Rc7 27. Bg2
Rcd7 28. Qc6 Nd5 29. Kh1 Rc7 30. Qa6 Ne3 31. Bxe3 Qxe3 32. Qa5 Rcd7 33. Qc5
Qxc5 34. bxc5 Bb2 35. c6 Rc7 36. Rcd1 Rxd1 37. Rxd1 Bxa3 38. Kg1 a5 39. Kf1 Bd6
40. Ra1 Ra7 41. Ra4 Bc7 42. Ke2 Ra8 43. Kd3 Rb8 44. Rd4 Bd6 45. Bh3 f5 46. g4
Bxh2 47. Bg2 Rb3+ 48. Kc2 Rb5 49. Rc4 Bc7 50. gxf5 gxf5 51. Bf1 Kg7 52. Rc3 Rb4
53. Ba6 Re4 54. Rd3 Re5 55. Kb3 Rc5 56. Bb7 Bd6 57. Ka4 h5 58. Rd1 h4 0-1

[Event "BL 0304 TV Tegernsee - SV Hofheim"]
[Site "Plauen"]
[Date "2004.03.27"]
[Round "12.8"]
[White "Bromberger, Stefan"]
[Black "Haubt, Georg"]
[Result "1/2-1/2"]
[WhiteElo "2448"]
[BlackElo "2283"]
[PlyCount "33"]
[EventDate "2003.11.01"]

1. d4 d5 2. Nf3 Nc6 3. c4 e5 4. dxe5 Bb4+ 5. Bd2 dxc4 6. Qc2 Be6 7. Na3 Bxd2+
8. Nxd2 Nxe5 9. Naxc4 Nxc4 10. Nxc4 Qe7 11. Qa4+ c6 12. Ne3 Nf6 13. g3 Nd5 14.
Qe4 Nxe3 15. Qxe3 Qb4+ 16. Qd2 Qxd2+ 17. Kxd2 1/2-1/2

[Event "BL 0304 SC Baden Oos - SG Köln Porz"]
[Site "Baden-Oos"]
[Date "2004.03.27"]
[Round "12.1"]
[White "Lutz, Christopher"]
[Black "Dautov, Rustem"]
[Result "1/2-1/2"]
[WhiteElo "2613"]
[BlackElo "2610"]
[PlyCount "139"]
[EventDate "2003.11.01"]

1. e4 e5 2. Nf3 Nf6 3. Nxe5 d6 4. Nf3 Nxe4 5. d4 d5 6. Bd3 Be7 7. O-O Nc6 8. c4
Nf6 9. h3 Nb4 10. Be2 dxc4 11. Bxc4 O-O 12. Nc3 c6 13. Bg5 Nbd5 14. Re1 Be6 15.
Qb3 Rb8 16. Rad1 Re8 17. Bh4 h6 18. Bg3 Bd6 19. Be5 Nxc3 20. bxc3 Bxc4 21. Qxc4
Nd5 22. Qb3 b5 23. c4 bxc4 24. Qxc4 Re6 25. Rc1 Rb6 26. Bxd6 Rxd6 27. Re4 Nf6
28. Re2 Rb7 29. Qc5 Rb6 30. Rce1 Rd5 31. Qc4 a5 32. Qc3 Rdb5 33. Re5 a4 34. Qc2
a3 35. Qd3 Rxe5 36. Nxe5 Qd6 37. Nc4 Qb4 38. Rc1 Ra6 39. Rb1 Qf8 40. Rb7 Ra8
41. Ne5 Ne8 42. Rxf7 Qd6 43. Rb7 Qd5 44. Qc2 c5 45. Rd7 Qe6 46. f4 cxd4 47.
Rxd4 Rb8 48. Kh2 Nf6 49. Qd2 Qf5 50. Qd3 Qxd3 51. Rxd3 Ra8 52. g4 g5 53. fxg5
hxg5 54. Nc4 Ra4 55. Nxa3 Kf7 56. Kg2 Ke6 57. Kf2 Nd5 58. Ke1 Nf4 59. Re3+ Kf6
60. Kd2 Ra8 61. Kc2 Rh8 62. Nb5 Rxh3 63. Rxh3 Nxh3 64. a4 Ke7 65. Kb3 Nf2 66.
a5 Kd7 67. Ka4 Nxg4 68. a6 Kc8 69. Nd6+ Kb8 70. Ne4 1/2-1/2

[Event "BL 0304 SC Baden Oos - SG Köln Porz"]
[Site "Baden-Oos"]
[Date "2004.03.27"]
[Round "12.3"]
[White "Beliavsky, Alexander G"]
[Black "Krasenkow, Michal"]
[Result "1/2-1/2"]
[WhiteElo "2667"]
[BlackElo "2597"]
[PlyCount "72"]
[EventDate "2003.11.01"]

1. d4 d5 2. c4 e6 3. Nf3 Nf6 4. g3 dxc4 5. Bg2 Nc6 6. Qa4 Bb4+ 7. Bd2 Bd6 8.
Qxc4 O-O 9. Bc3 Qe7 10. O-O Rd8 11. Nbd2 Nd5 12. Rfd1 Nb6 13. Qb3 Bd7 14. Ne4
Be8 15. Rac1 f6 16. Nc5 Bxc5 17. dxc5 Rxd1+ 18. Rxd1 Qxc5 19. Bh3 Nd8 20. Bb4
Qh5 21. Bxe6+ Nxe6 22. Qxe6+ Bf7 23. Qe4 Bd5 24. Qf4 Re8 25. Nd4 c6 26. b3 Be4
27. g4 Qe5 28. Bd6 Qxf4 29. Bxf4 Rd8 30. Rd2 Bb1 31. a3 c5 32. Nb5 Rxd2 33.
Bxd2 Bc2 34. Be3 Bxb3 35. Bxc5 Bc4 36. Bxb6 Bxb5 1/2-1/2

[Event "BL 0304 SC Baden Oos - SG Köln Porz"]
[Site "Baden-Oos"]
[Date "2004.03.27"]
[Round "12.6"]
[White "Buhmann, Rainer"]
[Black "Vaganian, Rafael A"]
[Result "0-1"]
[WhiteElo "2532"]
[BlackElo "2623"]
[PlyCount "92"]
[EventDate "2003.11.01"]

1. Nf3 Nf6 2. c4 e6 3. g3 d5 4. d4 Be7 5. Bg2 O-O 6. O-O c6 7. Qc2 Nbd7 8. Bf4
b6 9. cxd5 cxd5 10. Nc3 Bb7 11. Nb5 Ne8 12. Rfc1 a6 13. Nc3 Nd6 14. Qb3 Nc4 15.
e4 b5 16. exd5 exd5 17. Qc2 g5 18. Bd2 g4 19. Nh4 Nxd2 20. Qxd2 Bg5 21. Qd3
Bxc1 22. Rxc1 Qg5 23. Rf1 b4 24. Nd1 Bc6 25. Re1 Rae8 26. Rxe8 Rxe8 27. Ne3 Bb5
28. Qd2 Nf6 29. Nhf5 Bd7 30. Nd6 Re6 31. Nb7 Bb5 32. Nc5 Re8 33. Kh1 Qg6 34.
Qd1 h5 35. h4 gxh3 36. Bxh3 Qg5 37. Qf3 h4 38. Kh2 hxg3+ 39. Qxg3 Qxg3+ 40.
Kxg3 Ne4+ 41. Kf4 Nxc5 42. dxc5 d4 43. Nc2 d3 44. Ne3 Re7 45. Bf1 d2 46. Bxb5
axb5 0-1

[Event "BL 0304 SC Baden Oos - SG Köln Porz"]
[Site "Baden-Oos"]
[Date "2004.03.27"]
[Round "12.7"]
[White "Hansen, Curt"]
[Black "Keitlinghaus, Ludger"]
[Result "1/2-1/2"]
[WhiteElo "2616"]
[BlackElo "2503"]
[PlyCount "97"]
[EventDate "2003.11.01"]

1. e4 e5 2. Nf3 Nc6 3. d4 Nxd4 4. Nxd4 exd4 5. Qxd4 Ne7 6. Nc3 Nc6 7. Qd2 Bc5
8. b3 a6 9. Bb2 Bd4 10. g3 d6 11. Bg2 Be6 12. f4 f6 13. O-O-O Qd7 14. Bf3 Bg4
15. Bxg4 Qxg4 16. Nd5 Bxb2+ 17. Kxb2 O-O-O 18. Rhe1 Rhe8 19. Re3 Ne7 20. Rde1
Kb8 21. a4 Nc8 22. a5 Qh5 23. Ra1 f5 24. exf5 Qxf5 25. Rae1 Rxe3 26. Rxe3 Qf7
27. Qd4 Rd7 28. Qd3 h6 29. g4 Ne7 30. Nxe7 Rxe7 31. Rxe7 Qxe7 32. Qg6 d5 33.
Qf5 d4 34. g5 hxg5 35. fxg5 d3 36. cxd3 Qe2+ 37. Ka3 Qxh2 38. Qf8+ Ka7 39. Qc5+
Kb8 40. Qf8+ Ka7 41. Qxg7 Qd6+ 42. Kb2 Qxd3 43. Qe5 Qd2+ 44. Ka3 Qc1+ 45. Kb4
b6 46. axb6+ Kxb6 47. Qa5+ Kb7 48. Qd5+ Kb6 49. Qa5+ 1/2-1/2

[Event "BL 0304 SC Baden Oos - SG Köln Porz"]
[Site "Baden-Oos"]
[Date "2004.03.27"]
[Round "12.8"]
[White "Schenk, Andreas"]
[Black "Van den Doel, Erik"]
[Result "0-1"]
[WhiteElo "2499"]
[BlackElo "2609"]
[PlyCount "114"]
[EventDate "2003.11.01"]

1. d4 Nf6 2. c4 e6 3. Nc3 Bb4 4. Qc2 d5 5. cxd5 Qxd5 6. e3 c5 7. Bd2 Bxc3 8.
Bxc3 cxd4 9. Bxd4 Nc6 10. Bxf6 gxf6 11. Ne2 Bd7 12. a3 Qe5 13. Nc3 Nd4 14. Qd1
Nf5 15. Qc2 O-O-O 16. Bb5 Bxb5 17. Nxb5+ Kb8 18. Nc3 Rhg8 19. g3 Nd4 20. Qd1
Nb5 21. Qc2 Nxc3 22. bxc3 h5 23. O-O h4 24. Rfd1 Rc8 25. c4 hxg3 26. hxg3 Rg4
27. Rac1 Rh8 28. Qd2 Rgg8 29. Qd6+ Qxd6 30. Rxd6 Rd8 31. Rcd1 Rxd6 32. Rxd6 Kc7
33. Rd4 Kc6 34. Kg2 f5 35. Kf3 a5 36. g4 Rh3+ 37. Kg2 fxg4 38. Rxg4 Rh5 39. Rg7
Rf5 40. f4 Kc5 41. Kf3 Kxc4 42. e4 Rf6 43. Kg4 Kd4 44. Kg5 Rg6+ 45. Rxg6 fxg6
46. e5 b5 47. Kxg6 b4 48. axb4 axb4 49. f5 b3 50. fxe6 b2 51. e7 b1=Q+ 52. Kg7
Qg1+ 53. Kf7 Qf1+ 54. Kg7 Qg2+ 55. Kf7 Qf3+ 56. Kg7 Qh5 57. Kf8 Qf5+ 0-1

[Event "BL 0304 Stuttgarter Sfr - SF Katernberg"]
[Site "Baden-Oos"]
[Date "2004.03.27"]
[Round "12.1"]
[White "Volokitin, Andrei"]
[Black "Schmittdiel, Eckhard"]
[Result "1-0"]
[WhiteElo "2594"]
[BlackElo "2483"]
[PlyCount "39"]
[EventDate "2003.11.01"]

1. e4 c5 2. Nf3 Nc6 3. Nc3 e5 4. Bc4 g6 5. d3 h6 6. O-O Nf6 7. a3 Bg7 8. b4 d6
9. bxc5 dxc5 10. Bb5 Qd6 11. Bxc6+ bxc6 12. Na4 Be6 13. Be3 Nd7 14. Qd2 f5 15.
Qa5 c4 16. dxc4 Bxc4 17. Rfd1 Qe7 18. Qc7 Nb8 19. Qxe7+ Kxe7 20. Nh4 1-0

[Event "BL 0304 Stuttgarter Sfr - SF Katernberg"]
[Site "Baden-Oos"]
[Date "2004.03.27"]
[Round "12.2"]
[White "Berezovsky, Igor"]
[Black "Glek, Igor V"]
[Result "0-1"]
[WhiteElo "2444"]
[BlackElo "2555"]
[PlyCount "45"]
[EventDate "2003.11.01"]

1. e4 e6 2. d4 d5 3. e5 c5 4. dxc5 Nc6 5. Bb5 Bxc5 6. Qg4 Nge7 7. Bxc6+ bxc6 8.
b4 h5 9. Qxg7 Rg8 10. Qh7 Bd4 11. c3 Bxe5 12. Qxh5 Bf6 13. Nh3 Nf5 14. O-O e5
15. Re1 Be6 16. Nf4 Qd6 17. Nxe6 Qxe6 18. Bf4 O-O-O 19. Bg3 Nxg3 20. hxg3 Rg4
21. Qh6 e4 22. a4 Rxg3 23. Qd2 0-1

[Event "BL 0304 Stuttgarter Sfr - SF Katernberg"]
[Site "Baden-Oos"]
[Date "2004.03.27"]
[Round "12.3"]
[White "Smagin, Sergey"]
[Black "Papa, Severin"]
[Result "1/2-1/2"]
[WhiteElo "2570"]
[BlackElo "2401"]
[PlyCount "87"]
[EventDate "2003.11.01"]

1. e4 c5 2. c3 Nf6 3. e5 Nd5 4. Nf3 e6 5. d4 cxd4 6. cxd4 d6 7. Bc4 Nb6 8. Bd3
dxe5 9. dxe5 Na6 10. O-O Nc5 11. Bc2 Qxd1 12. Rxd1 Bd7 13. Nc3 Rc8 14. a4 a5
15. Nd4 Be7 16. Ndb5 O-O 17. Be3 Rfd8 18. Bd4 Be8 19. h3 Nd5 20. Nxd5 Rxd5 21.
Bc3 Rxd1+ 22. Rxd1 b6 23. Kf1 Rd8 24. Rxd8 Bxd8 25. Bd4 Bxb5+ 26. axb5 Be7 27.
Ke2 Nd7 28. f4 Bc5 29. Bc3 g6 30. g4 Bb4 31. Bd4 Bc5 32. Bc3 Bb4 33. Bxb4 axb4
34. g5 Nc5 35. Ke3 b3 36. Bd1 h6 37. h4 hxg5 38. hxg5 Kf8 39. Kd4 Ke7 40. Be2
Kd7 41. Bc4 Ke7 42. Kc3 Ne4+ 43. Kxb3 Nxg5 44. fxg5 1/2-1/2

[Event "BL 0304 Stuttgarter Sfr - SF Katernberg"]
[Site "Baden-Oos"]
[Date "2004.03.27"]
[Round "12.4"]
[White "Reuss, Andreas"]
[Black "Senff, Martin"]
[Result "1/2-1/2"]
[WhiteElo "2361"]
[BlackElo "2446"]
[PlyCount "36"]
[EventDate "2003.11.01"]

1. c4 e6 2. Nc3 d5 3. cxd5 exd5 4. d4 c6 5. Nf3 Nf6 6. Bg5 Be7 7. Qc2 g6 8. e3
Bf5 9. Bd3 Bxd3 10. Qxd3 Nbd7 11. O-O O-O 12. Rad1 Re8 13. Ne5 Nxe5 14. dxe5
Nd7 15. Bxe7 Qxe7 16. f4 Rad8 17. e4 Nc5 18. Qe3 Nxe4 1/2-1/2

[Event "BL 0304 Stuttgarter Sfr - SF Katernberg"]
[Site "Baden-Oos"]
[Date "2004.03.27"]
[Round "12.5"]
[White "Siebrecht, Sebastian"]
[Black "Lorscheid, Gerhard"]
[Result "1-0"]
[WhiteElo "2435"]
[BlackElo "2297"]
[PlyCount "55"]
[EventDate "2003.11.01"]

1. d4 Nf6 2. Nf3 g6 3. c4 Bg7 4. Nc3 O-O 5. e4 d6 6. h3 Na6 7. Bg5 Qe8 8. a3 e5
9. d5 Nd7 10. g4 f5 11. gxf5 gxf5 12. Rg1 Kh8 13. b4 Nf6 14. Bd3 Bd7 15. Qe2
Nh5 16. O-O-O Nf4 17. Bxf4 exf4 18. Rxg7 Kxg7 19. Qb2 Qe7 20. exf5 Qf6 21. Ng5
Kh8 22. Ne6 Rf7 23. Qd2 Rg8 24. Kb1 f3 25. Ne4 Qe5 26. Re1 Bxe6 27. dxe6 Rxf5
28. Nxd6 1-0

[Event "BL 0304 Stuttgarter Sfr - SF Katernberg"]
[Site "Baden-Oos"]
[Date "2004.03.27"]
[Round "12.6"]
[White "Heinatz, Thomas"]
[Black "Scholz, Christian"]
[Result "0-1"]
[WhiteElo "2332"]
[BlackElo "2392"]
[PlyCount "78"]
[EventDate "2003.11.01"]

1. e4 c5 2. Nf3 d6 3. Bb5+ Nd7 4. c3 Ngf6 5. Qe2 a6 6. Ba4 e5 7. O-O b5 8. Bc2
Be7 9. d4 O-O 10. a4 Bb7 11. Na3 b4 12. Nc4 exd4 13. cxd4 d5 14. exd5 Bxd5 15.
dxc5 Bxc5 16. Bg5 Qc7 17. Ne3 Bxe3 18. Bxe3 Bxf3 19. gxf3 Ne5 20. Bd4 Rfe8 21.
Rac1 Qa5 22. Bb3 Nc6 23. Be3 Nd4 24. Qd1 Nxb3 25. Qxb3 Qf5 26. Rc7 Re6 27. Rfc1
Ne8 28. R7c5 Rg6+ 29. Kf1 Qxf3 30. Qd5 Qh3+ 31. Ke2 Rb8 32. R5c4 h6 33. Rf4 Nf6
34. Qf5 Qxh2 35. Rc8+ Rxc8 36. Qxc8+ Kh7 37. Rxb4 Qh5+ 38. Kd2 Qa5 39. Qb7 Nd5
0-1

[Event "BL 0304 Stuttgarter Sfr - SF Katernberg"]
[Site "Baden-Oos"]
[Date "2004.03.27"]
[Round "12.7"]
[White "Souleidis, Georgios"]
[Black "Vuckovic, Aleksandar"]
[Result "1-0"]
[WhiteElo "2401"]
[BlackElo "2321"]
[PlyCount "69"]
[EventDate "2003.11.01"]

1. e4 c5 2. Nf3 d6 3. Nc3 Nf6 4. d4 cxd4 5. Qxd4 Nc6 6. Bb5 Bd7 7. Bxc6 Bxc6 8.
Bg5 e6 9. O-O-O Be7 10. Rhe1 O-O 11. Qd2 Qc7 12. Nd4 a6 13. Kb1 Rac8 14. f3 b5
15. g4 Rfe8 16. Nce2 Bb7 17. Ng3 Qc4 18. Rg1 Rc5 19. h4 b4 20. Nh5 Nxh5 21.
gxh5 Bxg5 22. Rxg5 h6 23. Rg4 Rxh5 24. Qg2 Kf8 25. Rxg7 Rxh4 26. Qg3 Rh5 27.
Rg8+ Ke7 28. Nf5+ Rxf5 29. Qxd6+ Kf6 30. Rxe8 Rxf3 31. Qe7+ Ke5 32. Qxb7 Qxe4
33. Qxa6 Rf2 34. Qd6+ Kf6 35. Qd3 1-0

[Event "BL 0304 Stuttgarter Sfr - SF Katernberg"]
[Site "Baden-Oos"]
[Date "2004.03.27"]
[Round "12.8"]
[White "Migl, Dieter"]
[Black "Meyer, Falko"]
[Result "0-1"]
[WhiteElo "2255"]
[BlackElo "2348"]
[PlyCount "63"]
[EventDate "2003.11.01"]

1. e4 d6 2. d4 Nf6 3. Nc3 g6 4. f4 Bg7 5. Nf3 O-O 6. Bd3 Na6 7. e5 Nd7 8. Be3
c5 9. Bxa6 bxa6 10. e6 fxe6 11. Ng5 Nb6 12. dxc5 Na4 13. Qe2 Nxb2 14. Bd2 e5
15. O-O Qc7 16. fxe5 Bf5 17. Be3 Bxe5 18. Nd5 Qd8 19. c6 e6 20. g4 exd5 21.
gxf5 Nc4 22. Ne6 Qh4 23. Bg5 Qh3 24. Rad1 Rxf5 25. Bf4 Re8 26. c7 Nb6 27. Bxe5
Rxe6 28. Rxf5 Qxf5 29. Rxd5 Rxe5 30. Rxe5 Qxe5 31. Qc4+ Nxc4 32. c8=Q+ 0-1